| 000 | 00796nam a2200241 i 4500 | ||
|---|---|---|---|
| 001 | 182470 | ||
| 003 | ES-MaACL | ||
| 005 | 20250901050853.0 | ||
| 008 | 130816s1996 sp a |||| | spa d | ||
| 020 | _a84-88217-08-0 | ||
| 080 | _a821.134.2-14"19" | ||
| 100 | 1 |
_aCuevas Morales, Silvia. _9145717 |
|
| 245 | 1 | 0 |
_aRespiro de arena / _cSilvia Cuevas Morales, Rosa García Rayego, Luisa Posada Kubissa. |
| 260 |
_aMadrid : _bVindicación Feminista : _bAconcagua Publishing, _c[1996] |
||
| 300 |
_a74 p. : _bil. ; _c21 cm. |
||
| 490 | 1 | _aVoces y versos | |
| 700 | 1 |
_aPosada Kubissa, Luisa. _993331 |
|
| 700 | 1 |
_aGarcía Rayego, Rosa. _955161 |
|
| 710 | 2 |
_aVindicación Feminista _9170615 |
|
| 830 | 0 |
_aVoces y versos _9224836 |
|
| 852 |
_aES-MaACL _j2326-F-6 |
||
| 999 |
_c182470 _d182470 |
||